000 00309nam a22001337a 4500
020 _a9789332509344
082 _a690.
_bMCK/BU
100 _aMckay, W.B.
_91110
245 _aBuilding Construction- Volume -2- Meric Edition
250 _a4 th
260 _aDelhi
_bPearson
_c2013
300 _a143
942 _cBK
999 _c14634
_d14634